Environmental Models as a Tool for Ecological and Economic Decisions-Making

Saved in:
Bibliographic Details
Main Author: Reiff, Marian, 1978-
Other Authors: Brezina, Ivan, 1963-, Pekár, Juraj, 1972-
Format: Book Chapter
Language:English
Subjects:
Tags: Add Tag
No Tags, Be the first to tag this record!

MARC

LEADER 00000naa$a2200000$$$4500
001 0303003
005 20260217103311.7
041 0 |a eng 
044 |a DK 
245 1 0 |a Environmental Models as a Tool for Ecological and Economic Decisions-Making  |c Marian Reiff, Ivan Brezina, Juraj Pekár 
500 |a Abstrakt 
610 2 0 |a rozhodovanie 
610 2 0 |a rozvoj trvalo udržateľný 
610 2 0 |a ekológia 
610 2 0 |a programovanie 
100 1 |a Reiff, Marian, 1978- 
700 1 |a Brezina, Ivan, 1963- 
700 1 |a Pekár, Juraj, 1972-